| 000 | 00673nam a2200229 u 4500 | ||
|---|---|---|---|
| 005 | 20240925065213.0 | ||
| 008 | 191209s2000 r 000 0 spa d | ||
| 020 | _a8483732173 | ||
| 035 | _aUPN01000234734 | ||
| 040 |
_aMX-MxUPN _bspa _cMX-MxUPN |
||
| 050 | 4 |
_aP37 _bA98 2000 |
|
| 100 | 1 |
_aAzurmendi Ayerbe, María José _946489 |
|
| 245 | 1 | 0 | _aPsicosociolingüística |
| 260 |
_aBilbao : _bUniversidad del País Vasco, Servicio Editorial, _c2000. |
||
| 300 | _a632 páginas | ||
| 490 | _aEducación y psicología | ||
| 650 | 7 |
_9109 _aPsicolingüística |
|
| 650 | 4 |
_aPsicología social _95889 |
|
| 905 | _aLibro | ||
| 942 |
_n0 _cLIBRO _2lcc |
||
| 999 |
_c206829 _d206829 |
||